000 00661nam a2200265Ia 4500
001 65794
003 138596
005 20250926062620.0
008 ||||||n9999 ||| || ||
041 _aspa
082 _a352
245 0 _aEl régimen jurídico y administrativo del patrimonio municipal
260 _aMéxico :
_bINDET,
_c1999.
300 _a265p
562 _e1
650 _aANALISIS SITUACIONAL
_92942
650 0 _aBienes públicos
_95581
650 0 _aMéxico
_9136
650 0 _aMunicipios
_9264
650 _aPATRIMONIO PUBLICO
_98438
650 _aREGIMEN JURIDICO
_99810
942 _cBKM
999 _c65794
_d65794
526 _a51868
526 _a1697